Η πόλη : μυθιστόρημα

Αποθηκεύτηκε σε:
Λεπτομέρειες βιβλιογραφικής εγγραφής
Κύριος συγγραφέας: Πλασκοβίτης, Σπύρος Η., 1917-2000
Μορφή: Βιβλίο
Γλώσσα:Greek
Δημοσίευση: [Αθήνα] : Χ. Κ. Τεγόπουλος, c2011.
Σειρά:(Σύγχρονοι έλληνες λογοτέχνες)
Θέματα:
Ετικέτες: Προσθήκη ετικέτας
Δεν υπάρχουν, Καταχωρήστε ετικέτα πρώτοι!

MARC

LEADER 00000cam a2200000 i 4500
001 1/58782
008 141031s2011 gr | ||| |||| ||gre||
020 |a 9789609487863 
035 |l 10119584 
040 |a GR-MyUa  |b gre  |e AACR2 
041 0 |a gre 
082 7 |a 889.3   |2 (23) 
100 1 |a Πλασκοβίτης, Σπύρος Η.,   |d 1917-2000. 
245 1 2 |a Η πόλη :   |b μυθιστόρημα /   |c Σπύρος Πλασκοβίτης. 
260 |a [Αθήνα] :   |b Χ. Κ. Τεγόπουλος,   |c c2011. 
300 |a 238 σ. ;   |c 21 εκ. 
490 0 |a (Σύγχρονοι έλληνες λογοτέχνες) 
500 |a 1η έκδ.: Κέδρος, 1979. 
650 0 |a Greek fiction. 
852 |a INST  |b SYROS  |e 20141031  |h 889.3 ΠΛΑ  |p 005500012391  |q 005500012391  |t BK  |y 0 
901 |a BIBL5-2014-3 
970 |a ΚΟΝΤΟΥ  |b ΠΑΡΑΣΚΕΥΗ  |z 2014/10/31